<?xml version="1.0" encoding="UTF-8"?>
<record
    xmlns:xsi="http://www.w3.org/2001/XMLSchema-instance"
    xsi:schemaLocation="http://www.loc.gov/MARC21/slim http://www.loc.gov/standards/marcxml/schema/MARC21slim.xsd"
    xmlns="http://www.loc.gov/MARC21/slim">

  <leader>00615nam a2200181Ia 4500</leader>
  <controlfield tag="005">20230421181943.0</controlfield>
  <controlfield tag="008">230303t2004||||xx |||||||||||||| ||und||</controlfield>
  <datafield tag="020" ind1=" " ind2=" ">
    <subfield code="a">9992244011</subfield>
  </datafield>
  <datafield tag="040" ind1=" " ind2=" ">
    <subfield code="a">ODONTO</subfield>
    <subfield code="b">spa</subfield>
    <subfield code="c">ODONTO</subfield>
    <subfield code="d">ODONTO</subfield>
  </datafield>
  <datafield tag="041" ind1=" " ind2=" ">
    <subfield code="a">esp</subfield>
  </datafield>
  <datafield tag="082" ind1=" " ind2=" ">
    <subfield code="a">R 920.3 D545</subfield>
  </datafield>
  <datafield tag="245" ind1=" " ind2="0">
    <subfield code="a">Diccionario hist&#xF3;rico biogr&#xE1;fico de Guatemala /</subfield>
    <subfield code="c">ed. Flavio Rojas Lima. --</subfield>
  </datafield>
  <datafield tag="260" ind1=" " ind2=" ">
    <subfield code="a">Guatemala :</subfield>
    <subfield code="b">Asociaci&#xF3;n de Amigos del Pa&#xED;s,</subfield>
    <subfield code="c">2004.</subfield>
  </datafield>
  <datafield tag="300" ind1=" " ind2=" ">
    <subfield code="a">975 p. :</subfield>
    <subfield code="b">il. ;</subfield>
    <subfield code="c">16 cm.</subfield>
  </datafield>
  <datafield tag="650" ind1="0" ind2="2">
    <subfield code="a">Biograf&#xED;as</subfield>
    <subfield code="z">Guatemala</subfield>
    <subfield code="9">3973</subfield>
  </datafield>
  <datafield tag="650" ind1="0" ind2="2">
    <subfield code="a">Guatemala</subfield>
    <subfield code="v">Diccionarios</subfield>
    <subfield code="9">3974</subfield>
  </datafield>
  <datafield tag="942" ind1=" " ind2=" ">
    <subfield code="a">Biblioteca de Odontolog&#xED;a</subfield>
    <subfield code="c">REF</subfield>
    <subfield code="k">R 920.3 D545</subfield>
    <subfield code="2">ddc</subfield>
  </datafield>
  <datafield tag="999" ind1=" " ind2=" ">
    <subfield code="c">1287</subfield>
    <subfield code="d">1287</subfield>
  </datafield>
  <datafield tag="952" ind1=" " ind2=" ">
    <subfield code="0">0</subfield>
    <subfield code="1">0</subfield>
    <subfield code="2">ddc</subfield>
    <subfield code="4">0</subfield>
    <subfield code="7">0</subfield>
    <subfield code="a">ODONTO</subfield>
    <subfield code="b">ODONTO</subfield>
    <subfield code="c">REF</subfield>
    <subfield code="d">2006-09-29</subfield>
    <subfield code="e">Herencia Cultural Guatemalteca</subfield>
    <subfield code="g">1339.29</subfield>
    <subfield code="i">10-H-583-2006</subfield>
    <subfield code="o">R 920.3 D545</subfield>
    <subfield code="p">L00002192</subfield>
    <subfield code="r">2023-03-03 00:00:00</subfield>
    <subfield code="y">REF</subfield>
  </datafield>
</record>
